| 000 | 00773 a2200205 4500 | ||
|---|---|---|---|
| 005 | 20260218102050.0 | ||
| 008 | 260218b |||||||| |||| 00| 0 eng d | ||
| 020 |
_a9788198959409 _cरु 250.00 |
||
| 040 | _aMAIN | ||
| 082 |
_a891.43301451 _bGC951D |
||
| 100 | _aगुलेरी, चन्द्रधर शर्मा | ||
| 110 | _aआरिफ, मो. सम्पा. | ||
| 245 | _aधरोहर कहानियाँ : चन्द्रधर शर्मा ‘गुलेरी | ||
| 250 | _aLatest edition | ||
| 260 |
_bलोकभारती प्रकाशन _c2023 _aप्रयागराज |
||
| 300 | _a100 | ||
| 650 | _aहिन्दी साहित्य | ||
| 651 | _aकहानी-संग्रह | ||
| 942 | _cHN | ||
| 999 |
_c393963 _d393963 |
||